Countries of the world by full name - Statistics

General Stats
  • This quiz has been taken 553 times
  • The average score is 40 of 196
Answers on the Map
Answers color-coded by a green-red scale on the quiz's map according to % correct below.
 
Answer Stats
Full name % Correct
United States of America
89%
Canada
76%
People's Republic of China
56%
Japan
53%
Republic of Ireland
51%
Russian Federation
50%
United Kingdom of Great Britain and Northern Ireland
47%
Iceland
45%
Denmark
42%
Kingdom of Spain
42%
Kingdom of Norway
41%
Kingdom of Sweden
41%
French Republic
38%
Republic of Korea
38%
Democratic Republic of the Congo
37%
Republic of China
37%
United Arab Emirates
37%
Republic of Finland
35%
Democratic People's Republic of Korea
34%
Mongolia
33%
New Zealand
32%
Republic of India
32%
Republic of Poland
32%
Dominican Republic
31%
Kingdom of Saudi Arabia
31%
Ukraine
30%
Central African Republic
29%
Republic of Latvia
29%
Republic of Lithuania
29%
Islamic Republic of Iran
28%
Kingdom of Belgium
28%
Republic of Estonia
28%
Republic of Peru
28%
Republic of Chile
27%
Republic of Colombia
27%
Czechia
26%
Italian Republic
26%
Republic of Austria
26%
Republic of Bulgaria
26%
Romania
26%
Federal Republic of Germany
25%
Netherlands
25%
Republic of Belarus
25%
Republic of Croatia
25%
Republic of Ecuador
25%
Republic of Guatemala
25%
Republic of Kazakhstan
25%
Republic of Moldova
25%
Republic of Panama
25%
Republic of Serbia
25%
Republic of South Africa
25%
Kingdom of Thailand
24%
Republic of Albania
24%
Republic of Haiti
24%
Republic of Nicaragua
24%
Republic of Slovenia
24%
Republic of Uzbekistan
24%
Bosnia and Herzegovina
23%
Hungary
23%
Republic of Armenia
23%
Republic of Costa Rica
23%
Republic of Cuba
23%
Republic of El Salvador
23%
Republic of Honduras
23%
Republic of Indonesia
23%
Republic of Kosovo
23%
Republic of Paraguay
23%
Republic of Tajikistan
23%
Belize
22%
Commonwealth of Australia
22%
Federated States of Micronesia
22%
Kingdom of Morocco
22%
Republic of Azerbaijan
22%
Republic of Namibia
22%
Republic of North Macedonia
22%
Jamaica
21%
Portuguese Republic
21%
Republic of Angola
21%
Republic of Botswana
21%
Republic of Chad
21%
Republic of Iraq
21%
Republic of Mali
21%
Republic of South Sudan
21%
Republic of Suriname
21%
Republic of Tunisia
21%
Islamic Republic of Pakistan
20%
Kingdom of Bhutan
20%
Republic of Benin
20%
Republic of Ghana
20%
Republic of Kenya
20%
Republic of Malta
20%
Republic of Mozambique
20%
Republic of Yemen
20%
Republic of Zambia
20%
Republic of Zimbabwe
20%
Swiss Confederation
20%
Georgia
19%
Hellenic Republic
19%
Malaysia
19%
Montenegro
19%
Republic of Burundi
19%
Republic of Cameroon
19%
Republic of Cyprus
19%
Republic of Guinea
19%
Republic of Guinea-Bissau
19%
Republic of Madagascar
19%
Republic of Malawi
19%
Republic of Rwanda
19%
Republic of Uganda
19%
Slovak Republic
19%
United Mexican States
19%
Principality of Andorra
18%
Republic of Liberia
18%
Republic of San Marino
18%
Republic of Senegal
18%
Grand Duchy of Luxembourg
17%
Kingdom of Eswatini
17%
Principality of Monaco
17%
Republic of Sierra Leone
17%
Republic of the Philippines
17%
Republic of Türkiye
17%
Turkmenistan
17%
Antigua and Barbuda
16%
Barbados
16%
Burkina Faso
16%
Kingdom of Bahrain
16%
Republic of Djibouti
16%
Republic of Equatorial Guinea
16%
Republic of Lebanon
16%
Republic of Mauritius
16%
Argentine Republic
15%
Grenada
15%
Kingdom of Lesotho
15%
Principality of Liechtenstein
15%
Republic of Fiji
15%
Republic of Nauru
15%
Republic of Palau
15%
Republic of Seychelles
15%
Republic of Singapore
15%
Saint Lucia
15%
State of Israel
15%
Sultanate of Oman
15%
Bolivarian Republic of Venezuela
14%
Republic of Kiribati
14%
Republic of Maldives
14%
Republic of The Gambia
14%
Republic of Vanuatu
14%
Saint Vincent and the Grenadines
14%
Arab Republic of Egypt
13%
Hashemite Kingdom of Jordan
13%
Solomon Islands
13%
Tuvalu
13%
Islamic Emirate of Afghanistan
12%
Kingdom of Cambodia
12%
Kingdom of Tonga
12%
Kyrgyz Republic
12%
Republic of Trinidad and Tobago
12%
Socialist Republic of Vietnam
12%
Commonwealth of The Bahamas
11%
Federative Republic of Brazil
11%
Republic of Cabo Verde
11%
Republic of Côte d'Ivoire
11%
Republic of the Marshall Islands
10%
Syrian Arab Republic
10%
Islamic Republic of Mauritania
9%
Plurinational State of Bolivia
9%
Oriental Republic of Uruguay
8%
People's Republic of Bangladesh
8%
State of Kuwait
8%
State of Qatar
8%
Brunei Darussalam
7%
Commonwealth of Dominica
7%
Gabonese Republic
7%
State of Libya
7%
Togolese Republic
7%
Vatican City State
7%
Co‑operative Republic of Guyana
6%
Federal Democratic Republic of Nepal
6%
Federal Republic of Nigeria
6%
People's Democratic Republic of Algeria
6%
Republic of the Sudan
6%
State of Eritrea
6%
Democratic Socialist Republic of Sri Lanka
5%
Federal Republic of Somalia
5%
Lao People's Democratic Republic
5%
Republic of the Union of Myanmar
5%
The Republic of the Congo
5%
United Republic of Tanzania
5%
Democratic Republic of São Tomé and Príncipe
4%
Democratic Republic of Timor-Leste
4%
Federal Democratic Republic of Ethiopia
4%
Independent State of Papua New Guinea
4%
Republic of the Niger
4%
Union of the Comoros
4%
Federation of Saint Christopher and Nevis
3%
Independent State of Samoa
3%
No matching quizzes found
Score Distribution
Percent of People with Each Score
Percentile by Number Answered
Your Score History
You have not taken this quiz